Normal view
MARC view
- Arlen,Michael
Entry Personal Name
001 - CONTROL NUMBER
- control field: 111523
003 - CONTROL NUMBER IDENTIFIER
- control field: NUST
005 - DATE AND TIME OF LATEST TRANSACTION
- control field: 20230328124503.0
008 - FIXED-LENGTH DATA ELEMENTS
- fixed length control field: 230328|| aca||aabn | a|a d
040 ## - CATALOGING SOURCE
- Original cataloging agency: NUST
- Transcribing agency: NUST
100 ## - HEADING--PERSONAL NAME
- Personal name: Arlen,Michael
670 ## - SOURCE DATA FOUND
- Source citation: Work cat.: (NUST)186848: Arlen,Michael, These Charming People /
